Normal view
MARC view
Entry Uniform Title
001 - CONTROL NUMBER
- control field: 46694
003 - CONTROL NUMBER IDENTIFIER
- control field: dpl
005 - DATE AND TIME OF LATEST TRANSACTION
- control field: 20120508170620.0
008 - FIXED-LENGTH DATA ELEMENTS
- fixed length control field: 120508|||a|||||| | ||| d
040 ## - CATALOGING SOURCE
- Original cataloging agency: dpl
- Transcribing agency: dpl
130 ## - HEADING--UNIFORM TITLE
- Uniform title: अँज आय सी...
670 ## - SOURCE DATA FOUND
- Source citation: Work cat.: (dpl)27920: बेदी, किरण 46693, नेत्तृत्व आणि प्रशासन...../, 2009
670 ## - SOURCE DATA FOUND
- Source citation: Work cat.: (dpl)27920: बेदी, किरण 46693, नेत्तृत्व आणि प्रशासन...../, 2009
